The elegance of the hedgehog (Record no. 137483)

000 -LEADER
fixed length control field 00326nam a2200121Ia 4500
008 - FIXED-LENGTH DATA ELEMENTS--GENERAL INFORMATION
fixed length control field 220120s9999||||xx |||||||||||||| ||und||
082 ## - DEWEY DECIMAL CLASSIFICATION NUMBER
Classification number 823 BAR
100 ## - MAIN ENTRY--PERSONAL NAME
Personal name Barbery, Muriel
9 (RLIN) 11943
245 #4 - TITLE STATEMENT
Title The elegance of the hedgehog
260 ## - PUBLICATION, DISTRIBUTION, ETC.
Place of publication, distribution, etc. Gallic
Name of publisher, distributor, etc. New York
Date of publication, distribution, etc. 2008
300 ## - PHYSICAL DESCRIPTION
Extent XVII,802p.
Other physical details 0
650 ## - SUBJECT ADDED ENTRY--TOPICAL TERM
Topical term or geographic name entry element SIGNAL PROCESSING
9 (RLIN) 719
Holdings
Withdrawn status Lost status Damaged status Not for loan Collection code Home library Current library Date acquired Total Checkouts Full call number Barcode Date last seen Date last checked out Price effective from Koha item type
        Humanity Science Central Library Central Library 01/20/2022 1 823 BAR GF1342 02/08/2023 12/05/2022 01/20/2022 Gift Books

Powered by Koha